Historical ecology and archaeology in the Galápagos Islands : a legacy of human occupation /

The Galápagos Islands are one of the world's premiere nature attractions, home to unique ecosystems widely thought to be untouched and pristine. This volume reveals that the archipelago is not as isolated as many imagine, examining how centuries of human occupation have transformed its landscap...

Full description

Bibliographic Details
Main Authors: Stahl, Peter W. (Author), Astudillo, Fernando J. (Author), Jamieson, Ross W. (Ross William), 1966- (Author), Quiroga, Diego (Author), Delgado, Florencio (Author)
Other Authors: Thompson, Victor D. (writer of foreword.)
Format: Book
Language:English
Published: Gainesville : University Press of Florida, [2020]
Series:Sociery and ecology in island and coastal archaeology.
Subjects:

MARC

Tag First Indicator Second Indicator Subfields
LEADER 00000cam a2200000 i 4500
001 in00004098721
005 20200420143932.0
008 190426t20202020fluab b 001 0 eng c
010 |a  2019020699 
020 |a 9780813066271  |q (cloth :  |q alk. paper) 
020 |a 0813066271 
020 |z 9780813057385  |q (pdf) 
035 |a (OCoLC)on1105737464 
040 |a DLC  |e rda  |c DLC  |d UtOrBLW 
043 |a pogg--- 
049 |a TXAM 
050 0 0 |a F3741.G2  |b S65 2020 
082 0 0 |a 986.6/5  |2 23 
100 1 |a Stahl, Peter W.,  |e author.  |0 http://id.loc.gov/authorities/names/n94000114 
245 1 0 |a Historical ecology and archaeology in the Galápagos Islands :  |b a legacy of human occupation /  |c Peter W. Stahl, Fernando J. Astudillo, Ross W. Jamieson, Diego Quiroga, and Florencio Delgado ; foreword by Victor D. Thompson. 
264 1 |a Gainesville :  |b University Press of Florida,  |c [2020] 
264 4 |c ©2020 
300 |a xix, 216 pages, 10 unnumbered pages of color plates :  |b illustrations, maps ;  |c 24 cm. 
336 |a text  |b txt  |2 rdacontent 
337 |a unmediated  |b n  |2 rdamedia 
338 |a volume  |b nc  |2 rdacarrier 
490 1 |a Society and ecology in island and coastal archaeology 
504 |a Includes bibliographical references and index. 
505 0 |a Introduction -- Humans encounter Galápagos -- Manuel J. Cobos, San Cristóbal, and the Hacienda el Progreso -- Island production for global and local consumption -- Consumption and control in the material culture of Hacienda el Progreso -- Galápagos, San Cristóbal, El Progreso, and Colonos in a changing world. 
520 |a The Galápagos Islands are one of the world's premiere nature attractions, home to unique ecosystems widely thought to be untouched and pristine. This volume reveals that the archipelago is not as isolated as many imagine, examining how centuries of human occupation have transformed its landscape. 
651 0 |a Galapagos Islands  |x Antiquities. 
650 0 |a Indians of South America  |z Galapagos Islands  |x Antiquities. 
651 0 |a Galapagos Islands  |x Discovery and exploration. 
700 1 |a Astudillo, Fernando J.,  |e author. 
700 1 |a Jamieson, Ross W.  |q (Ross William),  |d 1966-  |e author.  |0 http://id.loc.gov/authorities/names/n96033358 
700 1 |a Quiroga, Diego,  |e author.  |0 http://id.loc.gov/authorities/names/no2019062802 
700 1 |a Delgado, Florencio.,  |e author. 
700 1 |a Thompson, Victor D.,  |e writer of foreword.  |0 http://id.loc.gov/authorities/names/n2012054328 
830 0 |a Sociery and ecology in island and coastal archaeology. 
945 |b 383848 
947 |a A14850778854 
948 |a cataloged  |b h  |c 2020/3/5  |d c  |e dmitchel  |f 3:00:00 pm 
994 |a 92  |b TXA 
999 f f |s 7acb4950-72a9-3c86-b309-db7640640172  |i e852360d-34f6-3bde-a3da-834d41cd2b6e  |t 0 
952 f f |p normal  |a Texas A&M University  |b College Station  |c Sterling C. Evans Library  |d Evans: Library Stacks  |t 0  |e F3741.G2 S65 2020  |h Library of Congress classification  |i unmediated -- volume  |m A14850778854 
998 f f |a F3741.G2 S65 2020  |t 0  |l Evans: Library Stacks